书目信息 |
| 书名: | Relevance | |
| 作者: | Dan Sperber and Deirdre Wilson著 ; 何自然, 冉永平导读. | |
| 分册号: | ||
| 分册名: | 出版地: | 北京 : |
|
| 出版社: | 外语教学与研究出版社 | |
| 出版时间: | 2001. | |
| 页数: | 41, 335 p. ; | |
| 开本: | 24 cm. | |
| 丛书名: | 当代国外语言学与应用语言学文库 | |
| 中图分类号: | ||
| 科图分类号: | ||
| 其他分类号: | H0 | |
| 主题词: | ||
| 电子资源: | ||
| 000 | 02319nam a2200901 a 4500 | |
| 001 | E0737956896 | |
| 003 | CAL | |
| 005 | 20070819103746.76 | |
| 008 | 020402r20011995cc b 001 0 eng d | |
| 020 | @a7560023843 :@cCNY31.90. | |
| 040 | @aECN@cECN | |
| 050 | 4 | @aBF637.C45@bS655 |
| 082 | 00 | @a302.2@220 |
| 090 | @aH0 | |
| 093 | @aH0@24 | |
| 093 | @aC91:B849@24 | |
| 094 | @a59.8892@23 | |
| 099 | @dH0@ex168=2 | |
| 100 | 1 | @aSperber, Dan. |
| 245 | 10 | @aRelevance :@bcommunication and cognition = 关联性 : 交际与认知 / @cDan Sperber and Deirdre Wilson著 ; 何自然, 冉永平导读. |
| 246 | 11 | @a关联性 :@b交际与认知 |
| 250 | @a2nd ed. | |
| 260 | @a北京 :@b外语教学与研究出版社,@c2001. | |
| 300 | @a41, 335 p. ;@c24 cm. | |
| 440 | 0 | @a当代国外语言学与应用语言学文库 |
| 500 | @aIncludes introduction. | |
| 504 | @aIncludes bibliographical references (p. [299]-319) and index. | |
| 534 | @pReprint. Originally published:@cOxford : Blackwell, c1995,@b2nd ed. | |
| 650 | 0 | @aInference. |
| 650 | 0 | @aCognition. |
| 650 | 0 | @aRelevance. |
| 650 | 0 | @aOral communication@xPsychological aspects. |
| 700 | 1 | @aRan, Yongping(冉永平) |
| 700 | 1 | @aWilson, Deirdre. |
| 700 | 1 | @aHe, Ziran(何自然) |
| 920 | @a231220@z1 | |
| 920 | @a232010@z2 | |
| 920 | @a261020@z1 | |
| 920 | @a244050@z2 | |
| 920 | @a211060@z1 | |
| 920 | @a235010@z1 | |
| 920 | @a251010@z2 | |
| 920 | @a242170@z2 | |
| 920 | @a211010@z1 | |
| 920 | @a242120@z2 | |
| 920 | @a211090@z1 | |
| 920 | @a243160@z1 | |
| 920 | @a211410@z1 | |
| 920 | @a214010@z2 | |
| 920 | @a242010@z1 | |
| 920 | @a211260@z1 | |
| 920 | @a231280@z2 | |
| 920 | @a211050@z2 | |
| 920 | @a262070@z1 | |
| 920 | @a211020@z1 | |
| 920 | @a237385@z2 | |
| 920 | @a244010@z1 | |
| 920 | @a243040@z1 | |
| 920 | @a243325@z1 | |
| 920 | @a231010@z2 | |
| 920 | @a211162@z1 | |
| 920 | @a246010@z1 | |
| 920 | @a246060@z0 | |
| 920 | @a211168@z2 | |
| 920 | @a222220@z1 | |
| 920 | @a236010@z2 | |
| 920 | @a241061@z1 | |
| 920 | @a242020@z1 | |
| 920 | @a222020@z2 | |
| 920 | @a211270@z1 | |
| 920 | @a211390@z1 | |
| 920 | @a223140@z1 | |
| 920 | @a242250@z2 | |
| 920 | @a221060@z1 | |
| 920 | @a246040@z1 | |
| 920 | @a244020@z2 | |
| 920 | @a212020@z1 | |
| 998 | @aECN | |
| Relevance : : communication and cognition = 关联性 : 交际与认知 / / Dan Sperber and Deirdre Wilson著 ; 何自然, 冉永平导读.-2nd ed.-北京 : : 外语教学与研究出版社, , 2001. |
| 41, 335 p. ; ; 24 cm.- (当代国外语言学与应用语言学文库) |
| Includes introduction.-Includes bibliographical references (p. [299]-319) and index. |
| ISBN 7560023843 :CNY31.90. |
| ● |
| 相关链接 |
|
|
|
|
正题名:Relevance
索取号:H0/x168=2
 
预约/预借
| 序号 | 登录号 | 条形码 | 馆藏地/架位号 | 状态 | 备注 |
| 1 | 0017058 | 300170589 | 第二样本阅览室/ [索取号:H0/x168=2] | 在馆 | |
| 2 | 0017059 | 300170598 | 第四借阅区/ [索取号:H0/x168=2] | 在馆 | |
| 3 | 0017060 | 300170605 | 第四借阅区/ [索取号:H0/x168=2] | 在馆 | |
| 4 | 0017061 | 300170614 | 第四借阅区/ [索取号:H0/x168=2] | 在馆 | |
| 5 | 0017062 | 300170623 | 第四借阅区/ [索取号:H0/x168=2] | 在馆 |